| 000 | 00642nam a2200301Ia 4500 | ||
|---|---|---|---|
| 005 | 20260401122046.0 | ||
| 008 | 008 250103s9999 xx 000 0 eng d | ||
| 020 | _a140114777 | ||
| 037 | _aTB | ||
| 040 | _aEDL | ||
| 040 | _beng | ||
| 040 | _cEDL | ||
| 041 | _2eng | ||
| 041 | _aeng | ||
| 084 | _a891.433 SAH | ||
| 084 | _qEDL | ||
| 100 |
_aSahni, Bhisham _91232466 |
||
| 245 | 0 | _aTamas: Darkness | |
| 245 | 0 | _cSahni, Bhisham | |
| 260 | _aLondon | ||
| 260 | _bPenguin Books | ||
| 260 | _c1988 | ||
| 300 | _a236p | ||
| 942 | _cTB | ||
| 942 | _h891.433 SAH | ||
| 999 |
_c1844637 _d1844637 |
||